| 000 | 00531nam a2200133 a 4500 | ||
|---|---|---|---|
| 001 | 5050 | ||
| 003 | CDMR | ||
| 005 | 20130916130759.0 | ||
| 008 | 130130s1919||||||||||||||||||||||||||||d | ||
| 040 |
_aCDMR _bcat _cCDMR |
||
| 245 | 3 |
_aLa obra de Agustín Murua y Valerdi _b: bibliografía de la misma, precedida de una reseña biográfica que, con motivo del 25 aniversario de su actividad cultural, publica la Asociación de Periodistas de Barcelona |
|
| 260 |
_aBarcelona _c1919 _bAsociación de Periodistas de Barcelona |
||
| 942 |
_cRES _2udc |
||
| 999 |
_c5050 _d5050 |
||